| 000 | 01433cam a22003737a 4500 | ||
|---|---|---|---|
| 001 | 12947210 | ||
| 003 | NUST - PNEC | ||
| 005 | 20170116180851.0 | ||
| 008 | 020927s2002 njua b 001 0 eng | ||
| 010 | _a 2002512546 | ||
| 015 | _aGBA2-W4883 | ||
| 020 | _a0471236535 | ||
| 035 | _a(OCoLC)ocm50101104 | ||
| 040 |
_aUKM _cLIBRARY _dAGL _dDLC |
||
| 042 | _alccopycat | ||
| 050 | 0 | 0 |
_aR857.S47 _bB38 2002. |
| 070 | 0 |
_aR857.S47 _bB38 2002 |
|
| 082 | 0 | 4 | _a610.28 BAU |
| 100 | 1 | _aBaura, Gail D. | |
| 245 | 1 | 0 |
_aSystem theory and practical applications of biomedical signals / _cGail D. Baura. |
| 260 |
_a[Piscataway, N.J.] : _bIEEE Press ; _aHoboken, NJ : _bWiley-Interscience, _cc2002. |
||
| 300 |
_axxvii, 440 p. : _bill. ; _c26 cm. |
||
| 440 | 0 | _aIEEE Press series in biomedical engineering | |
| 504 | _aIncludes bibliographical references and index. | ||
| 650 | 0 |
_aSignal processing. _xEL, General |
|
| 650 | 0 | _aBiomedical engineering. | |
| 650 | 0 | _aSystem theory. | |
| 856 | 4 | 2 |
_3Contributor biographical information _uhttp://www.loc.gov/catdir/bios/wiley044/2002512546.html |
| 856 | 4 | 2 |
_3Publisher description _uhttp://www.loc.gov/catdir/description/wiley037/2002512546.html |
| 856 | 4 | 1 |
_3Table of contents _uhttp://www.loc.gov/catdir/toc/wiley031/2002512546.html |
| 906 |
_a7 _bcbc _ccopycat _d2 _encip _f20 _gy-gencatlg |
||
| 942 |
_2ddc _cBK |
||
| 999 |
_c64625 _d64625 |
||